[Event "Nizhnij Novgorod Region-ch"]
[Site "Nizhnij Novgorod"]
[Date "2012.10.12"]
[Round "?"]
[White "Yelizarov, Alexey"]
[Black "Shendrik, Zhanna"]
[Result "1-0"]
[WhiteElo "1943"]
[BlackElo "2037"]
[PlyCount "63"]
[EventDate "2012.10.06"]
[EventType "swiss"]
[EventRounds "9"]
[EventCountry "RUS"]
[SourceTitle "EXT 2022"]
[Source "ChessBase"]
[SourceDate "2021.10.06"]
[SourceVersion "1"]
[SourceVersionDate "2021.10.06"]
[SourceQuality "1"]

1. d4 g6 2. c4 Bg7 3. Nc3 d6 4. e4 Nf6 5. f3 0-0 6. Be3 Nbd7 7. Bd3 e5 8. Nge2 exd4 9. Nxd4 Ne5 10. Be2 c6 11. 0-0 Qe7 12. Qd2 Rd8 13. Rae1 Qf8 14. Qc1 d5 15. exd5 cxd5 16. Nb3 b6 17. c5 Nc4 18. Bd4 bxc5 19. Bxc5 Nd6 20. Nb5 Nfe8 21. Na5 a6 22. Nxd6 Nxd6 23. Nc6 Rd7 24. Qf4 Bb7 25. Na5 Qd8 26. Qb4 Bc8 27. Bd1 Bf8 28. Ba4 Nb5 29. Nc6 Bxc5+ 30. Qxc5 Qf8 31. Ne7+ Kh8 32. Nxg6+ 1-0

[Event "Nizhnij Novgorod-ch 61st"]
[Site "Nizhnij Novgorod"]
[Date "2009.03.??"]
[Round "?"]
[White "Yelizarov, Alexey"]
[Black "Gorishniy, Yuri"]
[Result "1-0"]
[WhiteElo "1941"]
[BlackElo "2085"]
[PlyCount "63"]
[EventDate "2009.03.06"]
[EventType "swiss"]
[EventRounds "9"]
[EventCountry "RUS"]
[SourceTitle "EXT 2010"]
[Source "ChessBase"]
[SourceDate "2010.11.25"]
[SourceVersion "1"]
[SourceVersionDate "2010.11.25"]
[SourceQuality "1"]

1. d4 d5 2. c4 c6 3. Nc3 Nf6 4. Nf3 dxc4 5. e4 b5 6. e5 Nd5 7. a4 e6 8. axb5 Nxc3 9. bxc3 cxb5 10. Ng5 Bb7 11. Qh5 g6 12. Qg4 Be7 13. h4 h5 14. Qg3 Qc7 15. Be2 Nd7 16. Bf3 Nb6 17. 0-0 Bxf3 18. Qxf3 Bxg5 19. Bxg5 Nd5 20. Ra6 Rb8 21. Rfa1 Rb7 22. Rd6 Qc8 23. Rxd5 exd5 24. Qf6 Rh7 25. Ra6 Kf8 26. Rc6 Qe8 27. Qd6+ Kg8 28. Qxd5 a5 29. Rxg6+ Rg7 30. Rxg7+ Kxg7 31. Qxb7 a4 32. Qa6 1-0

[Event "Nizhnij Novgorod-ch 61st"]
[Site "Nizhnij Novgorod"]
[Date "2009.03.??"]
[Round "?"]
[White "Yelizarov, Alexey"]
[Black "Sargissyan, Sargis"]
[Result "0-1"]
[WhiteElo "1941"]
[BlackElo "2119"]
[PlyCount "80"]
[EventDate "2009.03.06"]
[EventType "swiss"]
[EventRounds "9"]
[EventCountry "RUS"]
[SourceTitle "EXT 2010"]
[Source "ChessBase"]
[SourceDate "2010.11.25"]
[SourceVersion "1"]
[SourceVersionDate "2010.11.25"]
[SourceQuality "1"]

1. d4 Nf6 2. c4 g6 3. Nc3 Bg7 4. e4 d6 5. f3 0-0 6. Be3 Nc6 7. Nge2 a6 8. Qd2 Rb8 9. Nc1 e5 10. Nb3 exd4 11. Nxd4 Ne5 12. Be2 c5 13. Nc2 Be6 14. Na3 Nc6 15. Nc2 Nd7 16. 0-0 Nde5 17. b3 Qa5 18. Nd5 Qxd2 19. Bxd2 Nd7 20. Rad1 Bxd5 21. exd5 Nd4 22. Nxd4 Bxd4+ 23. Kh1 b5 24. f4 Rfe8 25. Bd3 Nf6 26. g3 Ng4 27. Kg2 f5 28. Rde1 Rxe1 29. Rxe1 Nf2 30. Bf1 Ne4 31. Ba5 Rb7 32. Bd3 Nf2 33. Bf1 b4 34. h3 Kf7 35. Re6 Ne4 36. Bd3 Re7 37. Rxe7+ Kxe7 38. Kf3 Nc3 39. a4 bxa3 40. Bxc3 a2 0-1

[Event "Nizhnij Novgorod-ch 60th"]
[Site "Nizhnij Novgorod"]
[Date "2008.03.??"]
[Round "?"]
[White "Yelizarov, Alexey"]
[Black "Smirnova, Anastasia"]
[Result "1-0"]
[WhiteElo "1955"]
[BlackElo "1964"]
[PlyCount "75"]
[EventDate "2008.03.??"]
[EventType "swiss"]
[EventRounds "9"]
[EventCountry "RUS"]
[SourceTitle "EXT 2010"]
[Source "ChessBase"]
[SourceDate "2010.11.25"]
[SourceVersion "1"]
[SourceVersionDate "2010.11.25"]
[SourceQuality "1"]

1. d4 d5 2. Nf3 Nf6 3. c4 c6 4. Nc3 dxc4 5. a4 a5 6. e4 Bg4 7. Bxc4 e6 8. Be3 Bb4 9. Qc2 Nbd7 10. Be2 Rc8 11. 0-0 0-0 12. Rfd1 Qc7 13. Rac1 Qb8 14. Qb1 h6 15. g3 e5 16. Kg2 exd4 17. Bxd4 Rfe8 18. Bd3 Bxf3+ 19. Kxf3 Ne5+ 20. Bxe5 Qxe5 21. Re1 Rcd8 22. Kg2 Qd4 23. Bc2 Qb6 24. Re2 Ng4 25. h3 Ne5 26. Qa2 Rd7 27. Rd1 Red8 28. Rxd7 Rxd7 29. Qb3 Qd8 30. Nb1 c5 31. Qe3 Nc4 32. Qc1 Rd4 33. Bb3 Nb6 34. Qe3 Qd7 35. Qf4 Nxa4 36. Qb8+ Kh7 37. e5 c4 38. Bc2+ 1-0

[Event "Nizhnij Novgorod Region-ch"]
[Site "Nizhnij Novgorod"]
[Date "2007.10.??"]
[Round "?"]
[White "Lugovoy, Dmitry"]
[Black "Yelizarov, Alexey"]
[Result "0-1"]
[WhiteElo "2051"]
[BlackElo "1945"]
[PlyCount "55"]
[EventDate "2007.10.??"]
[EventType "swiss"]
[EventRounds "9"]
[EventCountry "RUS"]
[SourceTitle "EXT 2009"]
[Source "ChessBase"]
[SourceDate "2008.11.26"]
[SourceVersion "1"]
[SourceVersionDate "2008.11.26"]
[SourceQuality "1"]

1. d4 d5 2. c4 e6 3. Nf3 Nf6 4. g3 c6 5. Bg2 Bd6 6. Nc3 0-0 7. 0-0 Nbd7 8. e4 dxe4 9. Ng5 Be7 10. Ngxe4 Nxe4 11. Nxe4 Nf6 12. Nc3 Qb6 13. Rb1 Rd8 14. Be3 Qa5 15. Qe2 e5 16. d5 cxd5 17. Nxd5 Nxd5 18. Bxd5 Rf8 19. Bd2 Qxa2 20. Bc3 Bf6 21. f4 exf4 22. Bxf6 gxf6 23. Qe7 Kg7 24. Rbe1 Qxb2 25. Rxf4 Bh3 26. Re2 Qb1+ 27. Kf2 Qg6 28. Bxb7 0-1

[Event "Nizhnij Novgorod Region-ch"]
[Site "Nizhnij Novgorod"]
[Date "2007.10.??"]
[Round "?"]
[White "Yelizarov, Alexey"]
[Black "Belov, Sergey A"]
[Result "0-1"]
[WhiteElo "1945"]
[BlackElo "2057"]
[PlyCount "70"]
[EventDate "2007.10.??"]
[EventType "swiss"]
[EventRounds "9"]
[EventCountry "RUS"]
[SourceTitle "EXT 2009"]
[Source "ChessBase"]
[SourceDate "2008.11.26"]
[SourceVersion "1"]
[SourceVersionDate "2008.11.26"]
[SourceQuality "1"]

1. d4 Nf6 2. c4 c5 3. d5 e6 4. Nc3 exd5 5. cxd5 d6 6. e4 g6 7. Bd3 Bg7 8. Nf3 0-0 9. 0-0 Bg4 10. h3 Bxf3 11. Qxf3 a6 12. a4 Nbd7 13. Bf4 Qc7 14. Rfe1 Rfe8 15. g4 Ne5 16. Bxe5 Rxe5 17. Qg3 Ree8 18. Kg2 Nd7 19. f4 Rab8 20. a5 c4 21. Bc2 b5 22. axb6 Rxb6 23. Na4 Rbb8 24. Rec1 Rb4 25. Qf3 Reb8 26. Qe2 a5 27. Ra2 Nc5 28. Nxc5 Qxc5 29. Bd1 Qb5 30. Qe3 Bxb2 31. Qa7 Ba3 32. Rca1 Rb2+ 33. Bc2 Bc5 34. Qe7 c3 35. Kh1 Rxa2 0-1

[Event "Nizhnij Novgorod Region-ch"]
[Site "Nizhnij Novgorod"]
[Date "2007.10.??"]
[Round "?"]
[White "Yelizarov, Alexey"]
[Black "Tarasov, Vladimir N"]
[Result "1/2-1/2"]
[WhiteElo "1945"]
[BlackElo "2180"]
[PlyCount "39"]
[EventDate "2007.10.??"]
[EventType "swiss"]
[EventRounds "9"]
[EventCountry "RUS"]
[SourceTitle "EXT 2009"]
[Source "ChessBase"]
[SourceDate "2008.11.26"]
[SourceVersion "1"]
[SourceVersionDate "2008.11.26"]
[SourceQuality "1"]

1. d4 d5 2. c4 e6 3. Nc3 c6 4. Nf3 dxc4 5. a4 Bb4 6. e4 b5 7. Be2 Nf6 8. Qc2 Bb7 9. 0-0 a6 10. Rd1 Nbd7 11. Bg5 h6 12. Bh4 Qb6 13. e5 Bxc3 14. exf6 g5 15. Qxc3 gxh4 16. Ne5 Nxf6 17. Qf3 Ke7 18. Qa3+ Ke8 19. Qf3 Ke7 20. Qa3+ 1/2-1/2